Science Quiz

Random Science or Nintendo Quiz

Bones of the Body Quiz Stats

Quiz not verified by Sporcle

Also try: Elements Zoo
Challenge
Share
Tweet
Embed
Score 0/51 Timer 10:00
0 Plays Today
% Correct
Tibia
87.1%
Fibula
84.5%
Femur
84.4%
Radius
83.4%
Ulna
82.9%
Humerus
73.4%
Clavicle
68.5%
Ribs
68.3%
Scapula
67.9%
Mandible
66.6%
Phalanges
66%
Metacarpals
59.1%
Metatarsals
58.2%
Coccyx
51.4%
Frontal
48.1%
Occipital
46.7%
Maxilla
45%
Sacrum
44.5%
Temporal
44%
Parietal
41.6%
Lumbar Vertebrae
37.8%
Zygomatic
37.2%
Thoracic Vertebrae
36.6%
Cervical Vertebrae
35.7%
Nasal
34%
Calcaneus
33.6%
% Correct
Hyoid
33%
Sphenoid
31.3%
Ethmoid
29%
Talus
28%
Lunate
24%
Hamate
23.2%
Trapezoid
22.9%
Cuboid
22.9%
Vomer
22.3%
Scaphoid
22.2%
Lacrimal
20.7%
Navicular
20.2%
Capitate
18.2%
Incus
17.5%
Palatine
17.4%
Stapes
17.3%
Manubrium
16.4%
Malleus
15.8%
Xiphoid Process
12.9%
Triquetrum
11.2%
Patellar
9.7%
Cuneiforms
9.1%
Coxa
6%
Sternal Body
4.8%
Inferior Conchae
2.8%

You're not logged in!

Compare scores with friends on all Sporcle quizzes.
Sign Up with Email
OR
Log In

You Might Also Like...

Show Comments

Extras

Top Quizzes Today


Score Distribution

Your Account Isn't Verified!

In order to create a playlist on Sporcle, you need to verify the email address you used during registration. Go to your Sporcle Settings to finish the process.

Report this User

Report this user for behavior that violates our Community Guidelines.

Details: